Business venture 1

Saved in:
Bibliographic Details
Main Author: Barnard, Roger
Other Authors: Cady, Jeff
Format: Book
Language:English
Published: Oxford University Press, 1993
Subjects:
Tags: Add Tag
No Tags, Be the first to tag this record!

MARC

LEADER 00000nam a2200000 i 4500
001 1/23370
008 960712s1993 eng d
020 |a 0-19-457036-3 
035 |l 10022073 
040 |a GR-MY-UA  |b gre  |e aacr 
041 0 |a eng 
082 0 |a 428.64 
100 1 |a Barnard, Roger. 
245 1 0 |a Business venture 1 /  |c Roger Barnard, Jeff Cady 
260 |b Oxford University Press,   |c 1993 
300 |a 96 p. 
650 0 0 |a English language  |x Business English. 
700 1 |a Cady, Jeff. 
852 |a INST  |b CHIOS  |e 19960712  |h 428.64 BAR  |p 005200002043  |q 005200002043  |t BK  |y 0 
909 |a Χ  |b 045813